| 000 | 01498nam a22003017a 4500 | ||
|---|---|---|---|
| 001 | 76631 | ||
| 003 | BD-RjUL | ||
| 005 | 20211209082851.0 | ||
| 008 | 191228m19921990bg ||||| |||| 00| 0bben d | ||
| 020 | _c: Tk. 115.00 (V-5) | ||
| 020 | _c: Tk. 115.00 (V-6) | ||
| 020 | _c: Tk. 115.00 (V-7) | ||
| 020 | _c: Tk. 115.00 (V-8) | ||
| 035 | _a(BD-RjUL)76855 | ||
| 040 |
_aBD-RjUL _bben _cBD-RjUL _dBD-RjUL |
||
| 041 | _aben | ||
| 082 |
_223 _a297.63 _bNUS V-1-2 1974-1975 |
||
| 100 | 1 |
_aনু'মানী, আল্লামা শিবলী _9237009 |
|
| 245 | 1 | 0 |
_aসীরাতুন্ নবী : _b( সাল্লাল্লাহু আলাইহি ওয়া সাল্লাম ) / _cমূল: আল্লামা শিবলী নু'মানী ; বঙ্গানুবাদ: এ. কে. এম. ফজলুর রহমান মুনশী |
| 250 | _a১ম সং. | ||
| 260 |
_aঢাকা : _bদি তাজ পাবলিশিং হাউস, _c১৯৯০-১৯৯২ |
||
| 300 |
_a খণ্ড ; _c২৫ সেমি. |
||
| 505 | 0 | _aখণ্ড ৫ -- খণ্ড ৬ -- খণ্ড ৭ -- খণ্ড ৮ -- | |
| 600 |
_aহযরত মুহাম্মাদ (সঃ), _d৫৭০-৬৩২ _xজীবনী _9237012 |
||
| 600 |
_aHazrat Muhammad (SM) _y570-632 _xBiography _9237013 |
||
| 700 |
_aমুনশী, এ. কে. এম. ফজলুর রহমান, অনুবাদক _9161082 |
||
| 942 |
_2ddc _cBK |
||
| 999 |
_c76631 _d76631 |
||